Principes d'Economie Internationale
Gespeichert in:
| 1. Verfasser: | |
|---|---|
| Format: | Buch |
| Sprache: | Französisch |
| Veröffentlicht: |
Paris
Economica
1987
|
| Ausgabe: | 1. éd. |
| Schlagworte: | |
| Tags: |
Keine Tags, Fügen Sie das erste Tag hinzu!
|
MARC
| LEADER | 00000nam a2200000 4500 | ||
|---|---|---|---|
| 001 | c000513 | ||
| 005 | 20221219132802.3 | ||
| 020 | |a 2-7178-1397-7 | ||
| 041 | 0 | |a fre | |
| 044 | |a FR | ||
| 245 | 1 | 0 | |a Principes d'Economie Internationale |c Jean-Louis Mucchielli |
| 250 | |a 1. éd. | ||
| 264 | 1 | |a Paris |b Economica |c 1987 | |
| 300 | |a 369 s. | ||
| 610 | 2 | 0 | |a vzťahy hospodárske medzinárodné |
| 610 | 2 | 0 | |a zákony ekonomické |
| 610 | 2 | 0 | |a obchod medzinárodný |
| 610 | 2 | 0 | |a Ricardo, D. |
| 610 | 2 | 0 | |a faktory výrobné |
| 610 | 2 | 0 | |a proporcie ekonomické |
| 610 | 2 | 0 | |a veda ekonomická |
| 100 | 1 | |a Mucchielli, Jean-Louis | |